landen in Europa zonder kustlijn - Statistieken

Algemene statistieken
  • Deze quiz is 50 keer genomen
  • De gemiddelde score is 14 van 15
Antwoordstatistieken
Antwoord % Correct
5 oostenrijk
100%
2 andorra
97%
10 slowakije
97%
9 tsjechie
97%
3 zwitserland
97%
8 belarus
94%
6 san marino
94%
12 servie
94%
7 vaticaan
94%
15 macedonie
91%
11 hongarije
88%
4 liechtenstein
88%
13 kosovo
85%
1 luxemburg
85%
14 moldavie
85%
Geen overeenkomende quizzen gevonden
Scoreverdeling
Procent van Mensen met Elke Score
Percentiel versus Aantal Correcte Antwoorden
Uw Scoregeschiedenis
U heeft deze quiz nog niet genomen